[Event "Jena Fair op 8th"]
[Site "Jena"]
[Date "2008.10.15"]
[Round "1"]
[White "Hegner, Uwe"]
[Black "Mikolajewski, Armin"]
[Result "0-1"]
[WhiteElo "1199"]
[BlackElo "2018"]
[PlyCount "50"]
[EventDate "2008.10.15"]
[EventType "swiss"]
[EventRounds "9"]
[EventCountry "GER"]
[SourceTitle "EXT 2009"]
[Source "ChessBase"]
[SourceDate "2008.11.26"]
[SourceVersion "1"]
[SourceVersionDate "2008.11.26"]
[SourceQuality "1"]

1. e4 e5 2. Nc3 Nf6 3. Nf3 Nc6 4. Bc4 Bc5 5. d3 h6 6. h3 0-0 7. 0-0 a6 8. a3 d6 9. Be3 b5 10. Ba2 Bxe3 11. fxe3 Be6 12. Bd5 Bxd5 13. exd5 Ne7 14. e4 c6 15. dxc6 Nxc6 16. b4 Rc8 17. Ne2 d5 18. exd5 Nxd5 19. Rc1 Ne3 20. Qe1 Nxf1 21. Qxf1 Re8 22. Nd2 Qb6+ 23. Kh1 Nd4 24. c4 Nxe2 25. c5 Ng3+ 0-1